| 000 | 00000nam##2200000za#4500 |
| 001 | 9.680030 |
| 003 | CaOODSP |
| 005 | 20200401074727 |
| 007 | ta |
| 008 | 150407|1997||||xxc||||| f|0| 0 fre|d |
| 020 | |a0-660-95548-2 |
| 040 | |aCaOODSP|bfre |
| 043 | |an-cn--- |
| 086 | 1 |aCP32-64/3-1997F |
| 110 | 1 |aCanada. |bCommission d'enquête sur le déploiement des Forces canadiennes en Somalie. |
| 245 | 10|aViolence et préjugés raciaux dans les missions de maintient de la paix : |bétude préparée pour la Commission d'enquête sur le déploiement des Forces canadiennes en Somalie / |cpar Jean-Paul Brodeur. |
| 260 | |aOttawa - Ontario : |bCommission d'enquête sur le déploiement des Forces canadiennes en Somalie |c1997. |
| 300 | |axiv, 378p. : |btableaux ; |c23 cm. |
| 500 | |a«Cette étude traite des questions de maintient de la paix, de racisme et de reddition de comptes relativement à l'opération Délivrance.»--Couverture arrière. Données de catalogage avant publication (Canada) imprimées dans cette publication. |
| 504 | |aBibliographie. |
| 520 | 3 |aCette étude traite des questions du maintien de la paix, du racisme et de la reddition de comptes dans le cadre de l'opération «Deliverance». |
| 563 | |aCouverture souple |
| 590 | |a97-36|b1997-09-05 |
| 720 | 1 |aBrodeur, Jean-Paul |
| 775 | 08|tViolence and racial prejudice in the context of peacekeeping : |w(CaOODSP)9.646484 |
| 776 | 0#|tViolence et préjugés raciaux dans les missions de maintien de la paix : |w(CaOODSP)9.644272 |